ბათუმის შოთა რუსთაველის სახელმწიფო უნივერსიტეტის ბიბლიოთეკა

მარცვლოვანი კულტურების წარმოების ტექნოლოგია : (ბიბ.ჩანაწერი № 36400)

000 -ლიდერი
ფიქსირებული სიგრძის საკონტროლო ველი 01326nam a2200265Ia 4500
001 - საკონტროლო ნომერი
საკონტროლო ველი 2314
003 - საკონტროლო ნომრის იდენტიფიკატორი
საკონტროლო ველი GE_BSU
005 - ბოლო ოპერაციის თარიღი და დრო
საკონტროლო ველი 20190529162306.0
008 - ფიქსირებული სიგრძის მონაცემთა ელემენტები - ზოგადი ინფორმაცია
ფიქსირებული სიგრძის საკონტროლო ველი 181216s2009||||ge |||||||||||||| ||geo||
020 ## - წიგნის საერთაშორისო სტანდარტული ნომერი
International Standard Book Number 9789941409196
040 ## - კატალოგიზაციის წყარო
Transcribing agency GE_BSU
041 ## - ენის კოდი
Language code of text/sound track or separate title geo
080 ## - უნივერსალური ათობითი კლასიფიკაციის ინდექსი
Universal Decimal Classification number 631.1(035) მ–92
100 ## - მთავარი ჩანაწერი - პიროვნების სახელი
Personal name მურვანიძე, ა.
9 (RLIN) 1804
245 ## - ცნობა სათაურის შესახებ
Statement of responsibility, etc ავტ.: ა. მურვანიძე, ო. შაინიძე, დ. ჯაში ; რედ. ი. ძირკვაძე.
Title მარცვლოვანი კულტურების წარმოების ტექნოლოგია :
Remainder of title სახელმძღვ. ცნობარი ფერმერთათვის /
264 ## - წარმოების, გამოცემის, დისტრიბუციის და სხვა ცნობები
გამოცემის, წარმოების, დისტრიბუციის... ადგილი ბათუმი :
გამოცემის, წარმოების, დისტრიბუციის... სახელწოდება შოთა რუსთაველის სახელმწ. უნ-ტის გამ-ბა,
გამოცემის, წარმოების, დისტრიბუციის... თარიღი 2009.
300 ## - ფიზიკური აღწერა
Extent 37 გვ.:
Other physical details სურ. ;
Dimensions 20 სმ.
504 ## - BIBLIOGRAPHY, ETC. NOTE
Bibliography, etc ბიბლიოგრ.: გვ. 37.
653 ## - INDEX TERM--UNCONTROLLED
Uncontrolled term მარცვლეული კულტურები
653 ## - INDEX TERM--UNCONTROLLED
Uncontrolled term ცნობარები
700 ## - ADDED ENTRY--PERSONAL NAME
Personal name შაინიძე, ო.
Relator term ავტორი
9 (RLIN) 1798
700 ## - ADDED ENTRY--PERSONAL NAME
Personal name ჯაში, დ.
Relator term ავტორი
9 (RLIN) 1805
700 ## - ADDED ENTRY--PERSONAL NAME
Personal name ძირკვაძე, ი.
Relator term რედაქტორი
9 (RLIN) 1806
942 ## - ADDED ENTRY ELEMENTS (KOHA)
Koha item type წიგნი
Source of classification or shelving scheme
ეგზემპლარები
ჩამოწერის სტატუსი დაკარგული ეგზემპლარის სტატუსი კლასიფიკაციის წყარო ან თაროზე გაწყობის სქემა დაზიანების სტატუსი არ გაიცემა მუდმივი მდებარეობა (დაცვის ადგილი) ამჟამინდელი ადგილსამყოფელი თაროზე განთავსების ადგილი შეძენის თარიღი ღირებულება, შესყიდვის ნორმალური ფასი სრული შენახვის შიფრი შტრიხკოდი ბოლო ოპერაციის თარიღი ეგზემპლარის მიმდევრობითი ნომერი (კეტერი?) ფასის ძალაში შესვლის თარიღი ეგზემპლარის სახეობა საჯარო შენიშვნა
          ბათუმის შოთა რუსთაველის სახელმწიფო უნივერსიტეტის მთავარი ბიბლიოთეკა ბათუმის შოთა რუსთაველის სახელმწიფო უნივერსიტეტის მთავარი ბიბლიოთეკა წიგნსაცავი 2018-12-17 2.00 631.1(035) მ–92 4445 2018-12-17 4445 2018-12-17 წიგნი 2 ლ.